| 000 | 00578nam a2200193 a 4500 | ||
|---|---|---|---|
| 005 | 20140310183504.0 | ||
| 008 | 080425s19uu xx 00 eng d | ||
| 020 | _a9780826496607 | ||
| 050 |
_aLC 4713.2 _b.K49 2008 |
||
| 100 | _aKewley, Geoff | ||
| 245 |
_a100 ideas for supporting pupils with ADHD / _cGeoff Kewley |
||
| 260 |
_aLondon : _bContinuum International Publishing Group, _c2008. |
||
| 300 |
_a150 p. : _c20 cm. |
||
| 521 | _aEDU | ||
| 650 | _aAttention deficit-Hyperactivity disorder. | ||
| 700 | _aLatham, Pauline | ||
| 942 |
_cBK _2lcc _kFOR |
||
| 999 |
_c23998 _d23998 |
||